header

Community programs to promote youth development (Record no. 81092)

MARC details
000 -LEADER
fixed length control field 01821nam a22003734a 4500
082 04 - DEWEY DECIMAL CLASSIFICATION NUMBER
Classification number 362.7/083
245 00 - TITLE STATEMENT
Title Community programs to promote youth development
260 ## - PUBLICATION, DISTRIBUTION, ETC. (IMPRINT)
Place of publication Washington, DC :
Name of publisher National Academy Press,
Year of publication c2002.
300 ## - PHYSICAL DESCRIPTION
Number of Pages xvii, 411 p. :
Other physical details ill.
500 ## - GENERAL NOTE
General note "Board on Children, Youth, and Families, Division of Behavioral and Social Sciences and Education, National Research Council and Institute of Medicine."
General note "Division of Behavioral and Social Sciences and Education."--t.p.
650 #0 - SUBJECT ADDED ENTRY--TOPICAL TERM
Topical Term Youth
Topical Term Teenagers
700 1# - ADDED ENTRY--PERSONAL NAME
Personal name Eccles, Jacquelynne S.
Personal name Gootman, Jennifer Appleton.
856 40 - ELECTRONIC LOCATION AND ACCESS
Uniform Resource Identifier http://site.ebrary.com/lib/rucke/Doc?id=10126244

No items available.

© 2026 Rongo University
Contact us: librarian | system librarian | Rongo university